Wpływ gier symulacyjnych na jakość nauczania w szkolnictwie wyźszym

V súvislosti s vývojom spoločnosti je potrebné, aby vysoké školy prispôsobovali svoje študijné programy takým spôsobom, aby čo najlepšie pripravili študenta pre budúce povolanie. Jedným zo spôsobov je zavedenie simulačných hier, ktoré podmieňujú u študenta lepšie pochopenie určitej vednej oblasti, č...

Descrizione completa

Salvato in:
Dettagli Bibliografici
Autore principale: Pudło, Patrycja
Natura: Capitolo di libro
Lingua:polacco
Soggetti:
Tags: Aggiungi Tag
Nessun Tag, puoi essere il primo ad aggiungerne!!

MARC

LEADER 00000naa$a2200000$$$4500
001 0093206
005 20240502083236.4
041 0 |a pol 
044 |a UA 
245 1 0 |a Wpływ gier symulacyjnych na jakość nauczania w szkolnictwie wyźszym  |c Patrycja Pudło 
520 |a V súvislosti s vývojom spoločnosti je potrebné, aby vysoké školy prispôsobovali svoje študijné programy takým spôsobom, aby čo najlepšie pripravili študenta pre budúce povolanie. Jedným zo spôsobov je zavedenie simulačných hier, ktoré podmieňujú u študenta lepšie pochopenie určitej vednej oblasti, čo pôsobí na zvyšovanie jeho kreativity a inovatívnosti. Splnenie potrieb a požiadaviek študenta (externého zákazníka) pôsobí na zvyšovanie jeho spokojnosti s výberom školy. Táto spokojnosť pôsobí na imidž školy. V konečnom dôsledku sa to odrazí na počte potenciálnych študentov na škole. 
610 2 0 |a vzdelávanie vysokoškolské 
610 2 0 |a školy vysoké 
610 2 0 |a univerzity 
610 2 0 |a vyučovanie 
610 2 0 |a študenti 
610 2 0 |a kvalita 
610 2 0 |a kreativita 
100 1 |a Pudło, Patrycja